[Event "131st YMCA Autumn A"]
[Site "Warszawa"]
[Date "2013.10.28"]
[Round "5"]
[White "Liberadzki, Slawomir"]
[Black "Nowak, Lukasz"]
[Result "0-1"]
[WhiteElo "2090"]
[BlackElo "2038"]
[Annotator "Admin"]
[PlyCount "100"]
[EventDate "2013.09.20"]
[EventType "tourn"]
[EventRounds "1"]
[EventCountry "POL"]
[SourceDate "2013.09.20"]

1. e4 c5 2. c4 Nc6 3. g3 g6 4. Bg2 Bg7 5. Nc3 a6 6. d3 Rb8 7. a4 d6 8. Nge2 Nf6
9. O-O O-O 10. h3 Ne8 11. Kh2 Nc7 12. f4 Bd7 13. Bd2 b5 14. axb5 axb5 15. Nxb5
Nxb5 16. cxb5 Rxb5 17. Bc3 Qb8 18. f5 Rb3 19. Ra8 Qxa8 20. Qxb3 Rb8 21. Qc2 Qa2
22. Nc1 $11 Qa6 23. Qf2 Bxc3 24. bxc3 f6 25. d4 Qa3 26. fxg6 hxg6 27. dxc5 Qxc5
28. Qxc5 dxc5 29. Rd1 Ne5 30. Nd3 Ba4 31. Ra1 Nxd3 32. Rxa4 Rb2 33. Kg1 Ne5 34.
Ra5 c4 35. Rxe5 fxe5 36. Bf1 Kg7 37. Bxc4 Rc2 38. Bd5 Rxc3 39. Kg2 Kf6 40. h4
e6 41. Bb7 g5 42. hxg5+ Kxg5 43. Kh3 Kh5 44. Ba6 Re3 45. Bb7 $11 Kg5 46. Bc6
Rb3 47. Ba4 Rb4 48. Bc6 Rd4 49. Bb7 Rc4 50. Ba8 Rc7 0-1

[Event "131st YMCA Autumn A"]
[Site "Warszawa"]
[Date "2013.11.05"]
[Round "5"]
[White "Choroszej, Aleksander"]
[Black "Szymczak, Rafal"]
[Result "1/2-1/2"]
[WhiteElo "2190"]
[BlackElo "2086"]
[Annotator "Admin"]
[PlyCount "75"]
[EventDate "2013.09.20"]
[EventType "tourn"]
[EventRounds "1"]
[EventCountry "POL"]
[SourceDate "2013.09.20"]

1. d4 e6 2. c4 d5 3. Nc3 Nf6 4. Nf3 c5 5. cxd5 exd5 6. g3 Nc6 7. Bg2 h6 8. O-O
Be6 9. Bf4 Be7 10. dxc5 Bxc5 11. Rc1 a6 12. Na4 Ba7 13. Ne5 Rc8 14. Nxc6 bxc6
15. Nc5 O-O 16. Qa4 Bxc5 17. Rxc5 Qb6 18. b4 Ne4 19. Bxe4 dxe4 20. Rfc1 Bd5 $11
21. a3 Qb7 22. Qc2 g5 23. Be5 f5 24. e3 Rce8 25. Bb2 f4 26. gxf4 gxf4 27. Qc3
Kh7 28. Kh1 fxe3 29. Rg1 Rg8 30. Qxe3 Rxg1+ 31. Kxg1 Qf7 32. Kf1 Rg8 33. Rc1
Rf8 34. Ke1 Qf3 35. Qxf3 Rxf3 36. Rc3 Rf5 37. Rg3 Rg5 38. Rxg5 $11 1/2-1/2

[Event "131st YMCA Autumn A"]
[Site "Warszawa"]
[Date "2013.10.30"]
[Round "5"]
[White "Rozycki, Bartlomiej"]
[Black "Kubeczko, Grzegorz"]
[Result "1-0"]
[WhiteElo "2002"]
[BlackElo "1999"]
[PlyCount "57"]
[EventDate "2013.09.20"]
[EventType "tourn"]
[EventRounds "1"]
[EventCountry "POL"]
[SourceDate "2013.09.20"]

1. d4 Nf6 2. c4 c5 3. d5 b5 4. cxb5 a6 5. e3 Bb7 6. Nc3 Qa5 7. Bd2 axb5 8. Bxb5
Qb6 9. a4 Nxd5 10. Nf3 Nc7 11. O-O g5 12. Ne5 Bg7 13. Nc4 Qe6 14. Qb3 Nc6 15.
f4 gxf4 16. Rxf4 Ne5 17. Ne4 Nxb5 18. Nxc5 Qc6 19. Nxb7 Qxb7 20. Nxe5 Bxe5 21.
Qxf7+ Kd8 22. Rb4 Nd6 23. Qb3 Qa7 24. a5 e6 25. a6 Ke7 26. Ra5 Bf6 27. Rb7 Rab8
28. Bb4 Qa8 29. Bxd6+ 1-0

[Event "131st YMCA Autumn A"]
[Site "Warszawa"]
[Date "2013.10.25"]
[Round "6"]
[White "Sanz Losada, Victoriano"]
[Black "Kubeczko, Grzegorz"]
[Result "1-0"]
[WhiteElo "2083"]
[BlackElo "1999"]
[PlyCount "45"]
[EventDate "2013.09.20"]
[EventType "tourn"]
[EventRounds "1"]
[EventCountry "POL"]
[SourceDate "2013.09.20"]

1. d4 Nf6 2. c4 c5 3. d5 b5 4. cxb5 a6 5. bxa6 g6 6. Nc3 Bxa6 7. e4 Bxf1 8.
Kxf1 d6 9. g4 h5 10. g5 Nfd7 11. Nge2 Bg7 12. Kg2 O-O 13. f4 Qb6 14. Rf1 Na6
15. Rf3 Nc7 16. Rh3 f6 17. f5 fxg5 18. fxg6 g4 19. Rxh5 Rf3 20. Ng3 c4 21. Nf5
Qf2+ 22. Kh1 Rh3 23. Nxe7+ 1-0

[Event "131st YMCA Autumn A"]
[Site "Warszawa"]
[Date "2013.10.25"]
[Round "6"]
[White "Szymczak, Rafal"]
[Black "Rozycki, Bartlomiej"]
[Result "1/2-1/2"]
[WhiteElo "2086"]
[BlackElo "2002"]
[Annotator "Admin"]
[PlyCount "120"]
[EventDate "2013.09.20"]
[EventType "tourn"]
[EventRounds "1"]
[EventCountry "POL"]
[SourceDate "2013.09.20"]

1. f4 g6 2. Nf3 Bg7 3. d4 d5 4. e3 Nf6 5. c4 c5 6. Nc3 O-O 7. cxd5 Nxd5 8. Bc4
Nb6 9. Be2 cxd4 10. Nxd4 e5 11. fxe5 Qh4+ 12. g3 Qe7 13. O-O Bh3 14. Re1 Rd8
15. Bg4 Bxg4 16. Qxg4 Nc6 17. Nxc6 bxc6 18. Qf3 Nd5 19. e4 Qc5+ 20. Be3 Nxe3
21. Qxe3 Qxe3+ 22. Rxe3 Rd2 23. Re2 Rad8 24. Kf1 Bxe5 25. Rc1 R8d3 26. Ke1 Rxb2
27. Rxb2 Bxc3+ 28. Rxc3 Rxc3 29. Kd2 Rf3 30. Ke2 Ra3 31. Rc2 Kf8 32. Rxc6 Rxa2+
33. Kf3 a5 34. Ra6 a4 35. h4 h5 36. e5 Ke7 37. Ke4 a3 38. Ra7+ Ke8 39. Ra8+ Kd7
40. Ra7+ Ke8 41. Ra8+ Ke7 42. Ra7+ Kf8 43. e6 Ra1 44. Rxf7+ Ke8 45. Rf2 a2 46.
Kf4 Ke7 47. Kg5 Rg1 48. Rxa2 Rxg3+ 49. Kh6 Kxe6 50. Ra5 Kf6 51. Rb5 Rg4 52. Ra5
Rxh4 53. Ra6+ Kf5 54. Ra5+ Kg4 55. Rg5+ Kf4 56. Rxg6 Rh1 57. Rg8 h4 58. Kh5 Kf3
59. Rf8+ Kg3 60. Rg8+ Kh3 $11 1/2-1/2

[Event "131st YMCA Autumn A"]
[Site "Warszawa"]
[Date "2013.10.30"]
[Round "6"]
[White "Nowak, Lukasz"]
[Black "Choroszej, Aleksander"]
[Result "1-0"]
[WhiteElo "2038"]
[BlackElo "2190"]
[PlyCount "51"]
[EventDate "2013.09.20"]
[EventType "tourn"]
[EventRounds "1"]
[EventCountry "POL"]
[SourceDate "2013.09.20"]

1. e4 g6 2. d4 Bg7 3. Nc3 d6 4. Bg5 a6 5. Nf3 Nd7 6. Qd2 b5 7. O-O-O Bb7 8. e5
Qc8 9. Qe3 e6 10. d5 Nxe5 11. Nxe5 Bxe5 12. Be2 Bg7 13. Rhe1 e5 14. f4 f6 15.
fxe5 dxe5 16. d6 cxd6 17. Rxd6 fxg5 18. Red1 Ne7 19. Rd7 Bc6 20. Bg4 Bxd7 21.
Bxd7+ Qxd7 22. Rxd7 Kxd7 23. Ne4 Nf5 24. Qb6 Rhc8 25. Nc5+ Ke7 26. Qe6+ 1-0

[Event "131st YMCA Autumn A"]
[Site "Warszawa"]
[Date "2013.10.25"]
[Round "6"]
[White "Delega, Tomasz"]
[Black "Liberadzki, Slawomir"]
[Result "1/2-1/2"]
[WhiteElo "2094"]
[BlackElo "2090"]
[Annotator "Admin"]
[PlyCount "68"]
[EventDate "2013.09.20"]
[EventType "tourn"]
[EventRounds "1"]
[EventCountry "POL"]
[SourceDate "2013.09.20"]

1. e4 c5 2. g3 Nc6 3. Bg2 g6 4. Ne2 Bg7 5. c3 e5 6. O-O Nge7 7. f4 d6 8. h3 O-O
9. d3 f5 10. Qb3+ Kh8 11. Be3 Na5 12. Qd1 c4 13. d4 fxe4 14. dxe5 dxe5 15. Bc5
Qc7 16. Qd6 Qxd6 17. Bxd6 Nac6 18. Nd2 exf4 19. Nxf4 Rd8 20. Nxe4 Nf5 21. Bc5
Ne5 22. g4 Nh4 23. Be7 Nxg2 24. Bxd8 Ne3 25. Rf2 Bxg4 26. hxg4 Rxd8 27. Ne6 Re8
28. Nxg7 Kxg7 29. Nd6 Re6 30. Nxb7 N5xg4 31. Re2 h5 32. Na5 Rf6 33. b3 Rf3 34.
Nxc4 Rg3+ $11 1/2-1/2

[Event "131st YMCA Autumn A"]
[Site "Warszawa"]
[Date "2013.10.25"]
[Round "6"]
[White "Zurkowski, Andrzej"]
[Black "Malec, Sebastian"]
[Result "1/2-1/2"]
[WhiteElo "2003"]
[BlackElo "2161"]
[Annotator "Admin"]
[PlyCount "32"]
[EventDate "2013.09.20"]
[EventType "tourn"]
[EventRounds "1"]
[EventCountry "POL"]
[SourceDate "2013.09.20"]

1. d4 Nf6 2. Nf3 e6 3. g3 b5 4. Bg2 Bb7 5. O-O d5 6. Nbd2 Nbd7 7. b3 c5 8. Bb2
Rc8 9. Ne5 c4 10. bxc4 bxc4 11. Bc3 Ne4 12. Nxe4 dxe4 13. Nxd7 Qxd7 14. Qd2 Bd5
15. Rfb1 Be7 16. a4 O-O $11 1/2-1/2

[Event "131st YMCA Autumn A"]
[Site "Warszawa"]
[Date "2013.10.28"]
[Round "6"]
[White "Kielar, Maciej"]
[Black "Sawicki, Mikolaj"]
[Result "1-0"]
[WhiteElo "2103"]
[BlackElo "2004"]
[PlyCount "57"]
[EventDate "2013.09.20"]
[EventType "tourn"]
[EventRounds "1"]
[EventCountry "POL"]
[SourceDate "2013.09.20"]

1. e4 c5 2. Nf3 d6 3. Nc3 Nc6 4. d4 cxd4 5. Nxd4 g6 6. Be3 Bg7 7. Bc4 Nf6 8. f3
O-O 9. Qd2 Bd7 10. Bb3 Ne5 11. O-O-O Rb8 12. h4 b5 13. h5 a5 14. hxg6 Nc4 15.
gxf7+ Rxf7 16. Qe1 e6 17. Bxc4 bxc4 18. Qh4 Qb6 19. Kd2 Qb4 20. g4 e5 21. Nde2
d5 22. exd5 e4 23. a3 Qb7 24. Nf4 exf3 25. g5 Ng4 26. Qxh7+ Kf8 27. Bc5+ Ke8
28. Qg8+ Bf8 29. Rde1+ 1-0

[Event "131st YMCA Autumn A"]
[Site "Warszawa"]
[Date "2013.11.20"]
[Round "7"]
[White "Sawicki, Mikolaj"]
[Black "Sanz Losada, Victoriano"]
[Result "0-1"]
[WhiteElo "2004"]
[BlackElo "2083"]
[PlyCount "110"]
[EventDate "2013.09.20"]
[EventType "tourn"]
[EventRounds "1"]
[EventCountry "POL"]
[SourceDate "2013.09.20"]

1. e4 c5 2. Nf3 d6 3. d4 cxd4 4. Nxd4 Nf6 5. Nc3 g6 6. Be3 Bg7 7. f3 O-O 8. Qd2
Nc6 9. O-O-O d5 10. Kb1 Nxd4 11. e5 Ne6 12. exf6 exf6 13. Nxd5 b6 14. Bh6 Bb7
15. Bxg7 Kxg7 16. Bc4 Rc8 17. Ne3 Qxd2 18. Rxd2 Rfd8 19. Rhd1 Rxd2 20. Rxd2 Rc7
21. b4 Nf4 22. Kb2 f5 23. a4 Re7 24. Nd1 h5 25. Nc3 h4 26. Nb5 Ba6 27. Kb3 Bxb5
28. Bxb5 Re3+ 29. c3 g5 30. a5 Kf6 31. axb6 axb6 32. Bd7 Rd3 33. Rxd3 Nxd3 34.
Bb5 Ne1 35. Bf1 h3 36. g4 Nxf3 37. Bxh3 fxg4 38. Bxg4 Nxh2 39. Bc8 g4 40. Ka4
Ke5 41. Kb5 f5 42. Kxb6 g3 43. Bb7 f4 44. b5 f3 45. Bxf3 Nxf3 46. Ka6 g2 47. b6
g1=Q 48. b7 Qg8 49. Ka7 Qa2+ 50. Kb6 Qb3+ 51. Ka7 Qa4+ 52. Kb6 Qe8 53. Ka7 Qd7
54. Kb6 Qd6+ 55. Ka7 Qc7 0-1

[Event "131st YMCA Autumn A"]
[Site "Warszawa"]
[Date "2013.11.14"]
[Round "7"]
[White "Malec, Sebastian"]
[Black "Kielar, Maciej"]
[Result "0-1"]
[WhiteElo "2161"]
[BlackElo "2103"]
[PlyCount "100"]
[EventDate "2013.09.20"]
[EventType "tourn"]
[EventRounds "1"]
[EventCountry "POL"]
[SourceDate "2013.09.20"]

1. e4 c5 2. Nf3 d6 3. d4 cxd4 4. Qxd4 Nc6 5. Bb5 Bd7 6. Bxc6 bxc6 7. c4 Qb6 8.
Qd2 Nf6 9. Nc3 Bg4 10. Nd4 e5 11. Nc2 Be7 12. b3 O-O 13. f3 Be6 14. Ba3 Rfd8
15. g4 Bf8 16. Na4 Qc7 17. Qc3 Rac8 18. Bb4 Qb8 19. Ba5 Rd7 20. Nb4 Be7 21.
O-O-O Bd8 22. Nd3 Bb6 23. c5 Bxa5 24. Qxa5 d5 25. g5 dxe4 26. gxf6 exd3 27. Qd2
Bf5 28. Rhg1 Bg6 29. h4 h5 30. fxg7 Kxg7 31. Qc3 Rd4 32. Rxd3 Rcd8 33. Nb2 R8d5
34. f4 Rxf4 35. Rxd5 cxd5 36. c6 Qc7 37. Nd3 d4 38. Qc5 Re4 39. Qd5 Re2 40. Nc5
Qe7 41. b4 Qxh4 42. Ne6+ fxe6 43. Rxg6+ Kxg6 44. Qxe6+ Qf6 45. Qxf6+ Kxf6 46.
c7 d3 47. c8=Q Rc2+ 48. Qxc2 dxc2 49. Kxc2 Ke6 50. a4 Kd5 0-1

[Event "131st YMCA Autumn A"]
[Site "Warszawa"]
[Date "2013.11.08"]
[Round "7"]
[White "Liberadzki, Slawomir"]
[Black "Zurkowski, Andrzej"]
[Result "1-0"]
[WhiteElo "2090"]
[BlackElo "2003"]
[Annotator "Admin"]
[PlyCount "83"]
[EventDate "2013.09.20"]
[EventType "tourn"]
[EventRounds "1"]
[EventCountry "POL"]
[SourceDate "2013.09.20"]

1. e4 c5 2. c3 e5 3. Nf3 d6 4. Bc4 Be7 5. O-O Nf6 6. d4 Nbd7 7. dxe5 Nxe5 8.
Nxe5 dxe5 9. Qxd8+ Bxd8 10. f3 O-O $11 11. Be3 b6 12. Rd1 Bb7 13. a4 Bc7 14.
Na3 a6 15. Bg5 Rfd8 16. Bxf6 gxf6 17. Nc2 Rxd1+ 18. Rxd1 Bc6 19. Bd5 Rd8 20.
Ne3 Bd7 21. Bb7 Bxa4 22. Ra1 Bb3 23. Bd5 c4 24. Rxa6 Bd6 25. Nf5 Bc5+ 26. Kf1
Bc2 27. g4 h5 28. Ra7 hxg4 29. fxg4 Bf8 30. Bxf7+ Kh8 31. Bd5 b5 32. Ke2 b4 33.
cxb4 Bxb4 34. Nh4 Bd3+ 35. Kf3 Rxd5 36. exd5 e4+ 37. Kf4 Bd6+ 38. Kf5 e3+ 39.
Kxf6 Bc2 40. Ng6+ Bxg6 41. Kxg6 Bf8 42. Ra8 1-0

[Event "131st YMCA Autumn A"]
[Site "Warszawa"]
[Date "2013.10.29"]
[Round "7"]
[White "Choroszej, Aleksander"]
[Black "Delega, Tomasz"]
[Result "0-1"]
[WhiteElo "2190"]
[BlackElo "2094"]
[PlyCount "122"]
[EventDate "2013.09.20"]
[EventType "tourn"]
[EventRounds "1"]
[EventCountry "POL"]
[SourceDate "2013.09.20"]

1. d4 e6 2. c4 f5 3. Nc3 Nf6 4. g3 Bb4 5. Bg2 O-O 6. Nf3 Ne4 7. Qc2 c5 8. O-O
Bxc3 9. bxc3 Qa5 10. Nd2 Nxd2 11. Bxd2 Qa6 12. Qb3 Nc6 13. d5 Na5 14. Qb5 Qxb5
15. cxb5 e5 16. Bg5 b6 17. d6 Bb7 18. f3 Nc4 19. Be7 Rf7 20. e4 g6 21. Rfe1 a6
22. bxa6 Bxa6 23. exf5 gxf5 24. g4 Bb5 25. gxf5 Rxf5 26. f4 Ra3 27. Bd5+ Kg7
28. Kh1 Rxc3 29. Rg1+ Kh6 30. Be4 Rxf4 31. Bg5+ Kh5 32. Bxf4 exf4 33. Rac1 Re3
34. Ba8 Nxd6 35. Rgd1 Bd3 36. Kg2 c4 37. Bd5 b5 38. a4 bxa4 39. Kf2 Kg4 40.
Rg1+ Kf5 41. h4 Ke5 42. Rg5+ Kd4 43. Bf3 Nf5 44. Rg4 Ke5 45. Rg8 Nxh4 46. Bg4
d5 47. Rh1 Ng6 48. Rxh7 Kd4 49. Ra7 Ne5 50. Rxa4 Be4 51. Raa8 Rc3 52. Ra2 Rg3
53. Be6 Nd3+ 54. Kf1 Re3 55. Ra1 f3 56. Bg4 Ne5 57. Ra2 c3 58. Be6 c2 59. Rc8
Rc3 60. Ra1 Rxc8 61. Bxc8 Nd3 0-1

[Event "131st YMCA Autumn A"]
[Site "Warszawa"]
[Date "2013.11.04"]
[Round "7"]
[White "Rozycki, Bartlomiej"]
[Black "Nowak, Lukasz"]
[Result "1/2-1/2"]
[WhiteElo "2002"]
[BlackElo "2038"]
[Annotator "Admin"]
[PlyCount "74"]
[EventDate "2013.09.20"]
[EventType "tourn"]
[EventRounds "1"]
[EventCountry "POL"]
[SourceDate "2013.09.20"]

1. d4 Nf6 2. c4 e6 3. Nc3 Bb4 4. Qc2 O-O 5. a3 Bxc3+ 6. Qxc3 d5 7. Nf3 dxc4 8.
Qxc4 b6 9. Bg5 Ba6 10. Qa4 Qd7 11. Qc2 c5 12. Rd1 Rc8 13. Bxf6 gxf6 14. Qe4 Qb5
15. e3 c4 16. Qxa8 Nc6 17. Qxc8+ Bxc8 18. Rd2 Qd5 19. Be2 Na5 20. O-O Bb7 21.
Rc2 b5 22. Rd1 Qd6 23. Nd2 f5 24. Bf3 Bd5 25. Bxd5 exd5 26. Nb1 Nb3 27. Nd2
Nxd2 28. Rdxd2 a5 29. Rc1 Kg7 30. f3 $11 Qh6 31. Re2 Qa6 32. e4 b4 33. axb4
axb4 34. exd5 c3 35. Kf2 Qd3 36. bxc3 bxc3 37. Rec2 Qxd4+ $11 1/2-1/2

[Event "131st YMCA Autumn A"]
[Site "Warszawa"]
[Date "2013.11.07"]
[Round "7"]
[White "Kubeczko, Grzegorz"]
[Black "Szymczak, Rafal"]
[Result "1-0"]
[WhiteElo "1999"]
[BlackElo "2086"]
[PlyCount "135"]
[EventDate "2013.09.20"]
[EventType "tourn"]
[EventRounds "1"]
[EventCountry "POL"]
[SourceDate "2013.09.20"]

1. c4 e6 2. g3 d5 3. Bg2 c6 4. Nf3 Nd7 5. O-O Ngf6 6. b3 Bd6 7. d4 O-O 8. Nbd2
e5 9. dxe5 Nxe5 10. Bb2 Nxf3+ 11. Bxf3 Bh3 12. Re1 Be7 13. Qc2 Rc8 14. c5 Qa5
15. Bd4 Nd7 16. a3 Bf6 17. b4 Qc7 18. Bxf6 Nxf6 19. e4 dxe4 20. Bxe4 Be6 21.
Bf5 Bxf5 22. Qxf5 Nd5 23. Nc4 Rce8 24. Nd6 Rxe1+ 25. Rxe1 g6 26. Qe5 Qd7 27.
Kg2 a6 28. h4 h5 29. Ne8 f6 30. Qe4 Kf7 31. Nd6+ Kg7 32. Qe6 Qxe6 33. Rxe6 Rd8
34. Kf1 f5 35. Ke1 b6 36. cxb6 Nxb6 37. Ke2 Ra8 38. Nb7 Nc4 39. a4 Nb6 40. a5
Nd5 41. Rxc6 Re8+ 42. Kd2 Re4 43. Rxa6 Rxb4 44. Nc5 Rb2+ 45. Ke1 Ra2 46. Ne6+
Kf7 47. Ng5+ Kg7 48. Ne6+ Kf7 49. Ng5+ Kg7 50. Ra7+ Kf6 51. f4 Ne7 52. Kd1 Ra3
53. a6 Rxg3 54. Ra8 Kg7 55. a7 Ra3 56. Ne6+ Kh7 57. Nc7 Nc6 58. Nb5 Ra4 59. Ke2
Kg7 60. Ke3 Kf7 61. Rc8 Nxa7 62. Rc7+ Ke6 63. Rxa7 Re4+ 64. Kf3 Rb4 65. Ra6+
Kd5 66. Nc7+ Kd4 67. Rd6+ Kc3 68. Nd5+ 1-0

[Event "131st YMCA Autumn A"]
[Site "Warszawa"]
[Date "2013.10.18"]
[Round "8"]
[White "Sanz Losada, Victoriano"]
[Black "Szymczak, Rafal"]
[Result "1/2-1/2"]
[WhiteElo "2083"]
[BlackElo "2086"]
[PlyCount "45"]
[EventDate "2013.09.20"]
[EventType "tourn"]
[EventRounds "1"]
[EventCountry "POL"]
[SourceDate "2013.09.20"]

1. d4 f5 2. Nf3 Nf6 3. Nc3 e6 4. h3 d5 5. Bg5 Be7 6. e3 O-O 7. Ne5 Ne4 8. Bxe7
Qxe7 9. Bd3 c5 10. Bxe4 fxe4 11. O-O Nc6 12. Nxc6 bxc6 13. f4 exf3 14. Rxf3 Ba6
15. Rxf8+ Rxf8 16. Qd2 e5 17. Na4 exd4 18. exd4 cxd4 19. Qxd4 Qe2 20. Rc1 Bc8
21. Nc3 Qe7 22. Rf1 Rxf1+ 23. Kxf1 1/2-1/2

[Event "131st YMCA Autumn A"]
[Site "Warszawa"]
[Date "2013.11.05"]
[Round "8"]
[White "Nowak, Lukasz"]
[Black "Kubeczko, Grzegorz"]
[Result "1/2-1/2"]
[WhiteElo "2038"]
[BlackElo "1999"]
[Annotator "Admin"]
[PlyCount "40"]
[EventDate "2013.09.20"]
[EventType "tourn"]
[EventRounds "1"]
[EventCountry "POL"]
[SourceDate "2013.09.20"]

1. e4 d5 2. exd5 Nf6 3. d4 Bg4 4. f3 Bf5 5. Bb5+ Nbd7 6. c4 e6 7. Nc3 exd5 8.
cxd5 Bb4 9. Qe2+ Qe7 10. Qxe7+ Bxe7 11. Nge2 O-O-O 12. g4 a6 13. Bxd7+ Bxd7 14.
Bf4 Bb5 15. Rc1 Bb4 16. Kf2 Bxe2 17. Kxe2 Bxc3 18. bxc3 Nxd5 19. Bd2 Nb6 20.
Bf4 Nd5 $11 1/2-1/2

[Event "131st YMCA Autumn A"]
[Site "Warszawa"]
[Date "2013.10.31"]
[Round "8"]
[White "Delega, Tomasz"]
[Black "Rozycki, Bartlomiej"]
[Result "1-0"]
[WhiteElo "2094"]
[BlackElo "2002"]
[PlyCount "63"]
[EventDate "2013.09.20"]
[EventType "tourn"]
[EventRounds "1"]
[EventCountry "POL"]
[SourceDate "2013.09.20"]

1. e4 c5 2. Nf3 d6 3. d4 cxd4 4. Nxd4 Nf6 5. Nc3 a6 6. Bc4 e6 7. Bb3 b5 8. a3
Be7 9. g4 Bb7 10. Qe2 d5 11. e5 Ne4 12. Nxe4 dxe4 13. Be3 Nd7 14. O-O-O Qc7 15.
Bf4 O-O-O 16. Kb1 Nc5 17. Qe3 Nxb3 18. Nxb3 Bd5 19. Rc1 Rd7 20. Rhe1 Rhd8 21.
Nd2 Bc5 22. Qe2 e3 23. Bxe3 Bxe3 24. Qxe3 Ba2+ 25. Kxa2 Rxd2 26. c4 bxc4 27.
Qe4 c3 28. Re3 Rxb2+ 29. Ka1 Rdd2 30. Rcxc3 Ra2+ 31. Kb1 Rdb2+ 32. Kc1 1-0

[Event "131st YMCA Autumn A"]
[Site "Warszawa"]
[Date "2013.12.03"]
[Round "8"]
[White "Zurkowski, Andrzej"]
[Black "Choroszej, Aleksander"]
[Result "1-0"]
[WhiteElo "2003"]
[BlackElo "2190"]
[PlyCount "63"]
[EventDate "2013.09.20"]
[EventType "tourn"]
[EventRounds "1"]
[EventCountry "POL"]
[SourceDate "2013.09.20"]

1. d4 g6 2. e4 Bg7 3. f4 d6 4. Bc4 Nf6 5. Nc3 Nxe4 6. Bxf7+ Kxf7 7. Nxe4 Kf8 8.
Nf3 Kg8 9. O-O Nd7 10. Qe2 Nf6 11. Neg5 e6 12. Re1 Qe7 13. c4 c6 14. Bd2 h6 15.
Nh3 b6 16. Qd3 Qf7 17. Nh4 Kh7 18. Re3 Ng8 19. Rae1 Ne7 20. g4 e5 21. dxe5 dxe5
22. Nf3 Kg8 23. Nxe5 Qe6 24. f5 gxf5 25. Nf4 Qf6 26. Nh5 Qg5 27. h4 Qxh4 28.
Rh3 Qxe1+ 29. Bxe1 Bxe5 30. Qe3 Bxb2 31. Qxe7 fxg4 32. Bc3 1-0

[Event "131st YMCA Autumn A"]
[Site "Warszawa"]
[Date "2013.11.12"]
[Round "8"]
[White "Kielar, Maciej"]
[Black "Liberadzki, Slawomir"]
[Result "0-1"]
[WhiteElo "2103"]
[BlackElo "2090"]
[PlyCount "104"]
[EventDate "2013.09.20"]
[EventType "tourn"]
[EventRounds "1"]
[EventCountry "POL"]
[SourceDate "2013.09.20"]

1. e4 c5 2. Nf3 e6 3. Nc3 a6 4. d4 cxd4 5. Nxd4 b5 6. Bd3 Bb7 7. O-O Qc7 8. Qe1
d6 9. a4 b4 10. Na2 e5 11. Nb3 a5 12. c3 Ba6 13. Bxa6 Nxa6 14. cxb4 Nxb4 15.
Nxb4 axb4 16. Qxb4 Rb8 17. Qa5 Qb7 18. Nd2 Nf6 19. Re1 Be7 20. b3 d5 21. exd5
O-O 22. Ba3 Ra8 23. Qc3 Nxd5 24. Qb2 Nf4 25. Re4 Bxa3 26. Qxa3 Rfd8 27. Rxf4
exf4 28. Nc4 Rd3 29. Re1 Rxb3 30. Qc1 Qb4 31. Ne5 Rb8 32. Nc6 Qxe1+ 33. Qxe1
Rb1 34. Kf1 Rxe1+ 35. Kxe1 Ra8 36. a5 Ra6 37. Ne7+ Kf8 38. Nd5 g5 39. Ke2 Rxa5
40. Nf6 Kg7 41. Ne8+ Kg6 42. Kf3 Ra3+ 43. Ke2 Ra2+ 44. Kf3 h5 45. Nd6 Ra6 46.
Nb5 Rb6 47. Nd4 Rb4 48. Ke4 f5+ 49. Kd3 Rb2 50. Ne2 h4 51. f3 Kf6 52. h3 Ke5
0-1

[Event "131st YMCA Autumn A"]
[Site "Warszawa"]
[Date "2013.11.15"]
[Round "8"]
[White "Sawicki, Mikolaj"]
[Black "Malec, Sebastian"]
[Result "0-1"]
[WhiteElo "2004"]
[BlackElo "2161"]
[PlyCount "62"]
[EventDate "2013.09.20"]
[EventType "tourn"]
[EventRounds "1"]
[EventCountry "POL"]
[SourceDate "2013.09.20"]

1. e4 c5 2. c3 d5 3. exd5 Qxd5 4. d4 Nf6 5. Nf3 g6 6. Nbd2 cxd4 7. Bc4 Qd6 8.
Nxd4 Bg7 9. O-O a6 10. h3 O-O 11. Be2 e5 12. Nc4 Qc7 13. Nf3 Rd8 14. Qe1 Nd5
15. a4 Nc6 16. Be3 e4 17. Ng5 f5 18. Rd1 Nce7 19. a5 Rf8 20. Nb6 Nxb6 21. Bxb6
Qc6 22. h4 h6 23. Nh3 f4 24. Kh2 f3 25. gxf3 Qe6 26. Ng1 Be5+ 27. Kh1 Rf4 28.
fxe4 Rxh4+ 29. Kg2 Bf4 30. Bc4 Qxc4 31. Rd8+ Kf7 0-1

[Event "131st YMCA Autumn A"]
[Site "Warszawa"]
[Date "2013.11.22"]
[Round "9"]
[White "Malec, Sebastian"]
[Black "Sanz Losada, Victoriano"]
[Result "0-1"]
[WhiteElo "2161"]
[BlackElo "2083"]
[Annotator "Admin"]
[PlyCount "170"]
[EventDate "2013.09.20"]
[EventType "tourn"]
[EventRounds "1"]
[EventCountry "POL"]
[SourceDate "2013.09.20"]

1. e4 c5 2. Nf3 d6 3. d4 cxd4 4. Nxd4 Nf6 5. Nc3 g6 6. Be3 Bg7 7. f3 O-O 8. Qd2
Nc6 9. O-O-O d5 10. Nxc6 bxc6 11. e5 Nd7 12. f4 Qa5 13. Kb1 Nb6 14. Ne4 Qxd2
15. Nxd2 f6 16. exf6 Bxf6 17. Nb3 Bg4 18. Rd2 Rab8 19. c3 a5 20. Bd4 Bxd4 21.
Rxd4 Rfc8 22. Nc5 Nd7 23. Nxd7 Bxd7 24. g3 c5 25. Rd2 Bf5+ 26. Bd3 Bxd3+ 27.
Rxd3 e6 28. Re1 Kf7 29. Re2 $11 Rb6 30. Rdd2 Kf6 31. Kc1 Rg8 32. h4 h6 33. g4
h5 34. gxh5 gxh5 35. Rg2 Rg4 36. Rgf2 Kf5 37. Rde2 Rxh4 38. Re5+ Kf6 39. Rfe2
Rh1+ 40. Kc2 Rd6 41. Kb3 Rh4 42. Ka4 Rxf4+ 43. Kb5 Rf5 44. Rxf5+ exf5 45. Kxc5
Rd8 46. b4 axb4 47. cxb4 f4 48. b5 Kf5 49. b6 f3 50. Rb2 d4 51. b7 d3 52. b8=Q
Rxb8 53. Rxb8 d2 54. Rb1 Ke4 55. a4 Kd3 56. a5 Kc2 57. Ra1 d1=Q 58. Rxd1 Kxd1
59. a6 f2 60. a7 f1=Q 61. a8=Q Qf5+ 62. Kd4 Qf2+ 63. Kd3 Qg3+ 64. Kd4 h4 65.
Qa4+ Ke2 66. Qc2+ Kf1 67. Qd1+ Kg2 68. Ke4 h3 69. Qd2+ Kg1 70. Qd1+ Kh2 71. Kd5
Qg1 72. Qd3 Qf2 73. Kc4 Qf4+ 74. Kb5 Kg2 75. Ka5 h2 76. Qe2+ Kg3 77. Qe1+ Kg4
78. Qe2+ Kg5 79. Qg2+ Kf6 80. Qc6+ Ke7 81. Qb7+ Ke6 82. Qc6+ Qd6 83. Qc8+ Kd5
84. Kb5 Qe5 85. Qb7+ Kd6+ 0-1

[Event "131st YMCA Autumn A"]
[Site "Warszawa"]
[Date "2013.11.22"]
[Round "9"]
[White "Liberadzki, Slawomir"]
[Black "Sawicki, Mikolaj"]
[Result "1/2-1/2"]
[WhiteElo "2090"]
[BlackElo "2004"]
[Annotator "Admin"]
[PlyCount "81"]
[EventDate "2013.09.20"]
[EventType "tourn"]
[EventRounds "1"]
[EventCountry "POL"]
[SourceDate "2013.09.20"]

1. e4 c5 2. c3 d5 3. exd5 Qxd5 4. d4 Nf6 5. Nf3 g6 6. Na3 cxd4 7. Bc4 Qe4+ 8.
Be3 Be6 9. Bxe6 Qxe6 10. Nb5 Qd7 11. Nbxd4 Nc6 12. O-O Bg7 13. Qb3 O-O 14. Rad1
Ng4 15. Bc1 a6 16. h3 Nge5 17. Qb6 Nxd4 18. Nxd4 Rac8 19. Rfe1 Rfe8 20. Qb3 b5
21. Bg5 Qb7 22. Nc2 h6 23. Bf4 Nc4 24. Ne3 Qc6 25. Bg3 Red8 26. Nxc4 bxc4 27.
Qa3 e6 28. Qa5 Bf6 29. Be5 Rxd1 30. Rxd1 Bxe5 $11 31. Qxe5 Qb5 32. Qxb5 axb5
33. Rd7 Kg7 34. f4 g5 35. Kf2 gxf4 36. Kf3 Kf6 37. Kxf4 h5 38. Rb7 Rc5 39. g4
hxg4 40. hxg4 Kg6 41. a3 $11 1/2-1/2

[Event "131st YMCA Autumn A"]
[Site "Warszawa"]
[Date "2013.11.19"]
[Round "9"]
[White "Choroszej, Aleksander"]
[Black "Kielar, Maciej"]
[Result "0-1"]
[WhiteElo "2190"]
[BlackElo "2103"]
[PlyCount "72"]
[EventDate "2013.09.20"]
[EventType "tourn"]
[EventRounds "1"]
[EventCountry "POL"]
[SourceDate "2013.09.20"]

1. d4 c5 2. d5 e5 3. c4 d6 4. Nc3 f5 5. g4 fxg4 6. h3 Nf6 7. hxg4 Bxg4 8. Qd3
Nbd7 9. Nh3 Qa5 10. Ng5 O-O-O 11. Bd2 Re8 12. e4 Be7 13. f3 Bh5 14. Nb5 Qb6 15.
Qa3 Qa6 16. Nxa7+ Kb8 17. Nc6+ Kc8 18. Qxa6 bxa6 19. Be2 Nb8 20. Nxb8 Kxb8 21.
b4 cxb4 22. Rb1 Ka8 23. Ne6 Rb8 24. a3 b3 25. Be3 Bg6 26. Rb2 Nd7 27. Kd2 a5
28. a4 Rb4 29. Rhb1 Rhb8 30. c5 Nxc5 31. Bxc5 dxc5 32. Bb5 c4 33. Bc6+ Ka7 34.
Nc7 Bg5+ 35. Ke2 c3 36. Rxb3 Rxb3 0-1